000
00215nam a2200097Ia 4500
008
240331s9999 xx 000 0 und d
082
_b
MAT
100
_a
Ram, K. ed
245
0
_a
Maternities and modernities
942
_c
L
999
_c
2192
_d
2192